LEADER 00853nam0 2200289 450 001 000017816 005 20081020145223.0 010 $a88-08-06270-8 100 $a20081020d1986----km-y0itay50------ba 101 0 $aita 102 $aIT 105 $ay-------001yy 200 1 $aProgrammare in C$fMauro Fiorentini, Carlo Tibaldi 210 $aBologna$cZanichelli$d1986 215 $aXIV, 162 p.$d24 cm 225 2 $aCSC 410 0$12001$aCSC 451 0$1001000000786 610 1 $aElaboratori elettronici$aLinguaggio C 676 $a005.133$v21$9Specifici linguaggi di programmazione 700 1$aFiorentini,$bMauro$0344553 701 1$aTibaldi,$bCarlo$0344554 801 0$aIT$bUNIPARTHENOPE$c20081020$gRICA$2UNIMARC 912 $a000017816 951 $aM 005.133/22$bM 895$cDSA$d2008 996 $aProgrammare in C$977701 997 $aUNIPARTHENOPE LEADER 00951cam0 2200253 450 001 E600200066098 005 20210907070631.0 100 $a20100901d1953 |||||ita|0103 ba 101 $afre 102 $aIT 200 1 $a<>voyage de monsieur Perrichon$ecomedie. Représentée pour la première fois à Paris le 10 septembre 1860$fEugène Labiche$gintroduzione e note di Luisa Giacometti Dreyfus 210 $aMilano$cSignorelli$d1953 215 $a84 p.$d19 cm 700 1$aLabiche$b, Eugène$3A600200062106$4070$0396096 702 1$aGiacometti Dreyfus, Luisa$3A600200062107$4070 801 0$aIT$bUNISOB$c20210907$gRICA 850 $aUNISOB 852 $aUNISOB$j840$m5289 912 $aE600200066098 940 $aM 102 Monografia moderna SBN 941 $aM 957 $a840$b000320$gSi$d5289$rAcquisto$1vittorini$2UNISOB$3UNISOB$420100901120354.0$520150916101836.0$6Alfano 996 $aVoyage de Monsieur Perrichon$9533741 997 $aUNISOB